000 00982nam a2200205Ii 4500
003 JO-AjNU
008 230605s9999||||xx |||||||||||||| ||und||
040 _aJO-AjNU
_bara
_erda
_cJO-AjNU
041 _aara
050 1 4 _aG465.M65 1998
100 3 _aالمومني، محمد أحمد عقلة، م.مشارك عبد علي الخفاف,
_eauthor
_947256
245 0 0 _aجغرافية القارات: آسيا، أوروبا، أفريقيا، أمريكيا الشمالية، أمريكيا الجنوبية، أستراليا ونيوزيلنده وجزر المحيط الهادي
250 _aط1
264 3 1 _aاربد: عمان: دار الكندي للنشر والتوزيع، دار طارق للنشر والتوزيع، 1998
300 _a234ص
_bخرائط توضيحية
336 _atext
_btxt
_2rdacontent
337 _aunmediated
_bn
_2rdamedia
338 _avolume
_bnc
_2rdacarrier
650 4 _aالعالم - رحلات - جغرافية طبيعية
_947257
999 _aA20616
_c24184
_d24184